Statistiques concernant Quels sont les pays qui ont participé au concours de l'Eurovision en 2014 ?

Cliquez ici pour prendre le quiz!

Statistiques générales

  • Ce quiz a été pris 66 fois
  • Le résultat moyen est 29 sur 37

Statistiques - réponses

Hint Answer % Correct
Espagne
100%
France
100%
Suède
94%
Norvège
94%
Italie
93%
Allemagne
93%
Belgique
93%
Russie
93%
Finlande
93%
Autriche
89%
Portugal
89%
Suisse
85%
Pologne
85%
Pays-Bas
85%
Ukraine
85%
Grèce
85%
Irlande
85%
Estonie
85%
Hongrie
83%
Lettonie
81%
Lituanie
81%
Royaume-Uni
81%
Danemark
80%
Slovénie
80%
Roumanie
78%
Islande
76%
Malte
74%
Monténégro
74%
Albanie
70%
Biélorussie
69%
Moldavie
67%
Macédoine
61%
Israël
59%
Arménie
57%
Saint-Marin
54%
Azerbaïdjan
46%
Géorgie
46%

Distribution des résultats

Percentile par nombre de réponses

% des personnes avec chaque résultat

Votre développement - résultats

Vous n’avez pas pris ce quiz